В небе фронтовом: сборник воспоминаний советских летчиц-участниц Великой Отечественной войны

Dettagli Bibliografici
Altri autori: Казаринова М. А. (составитель), Полянцева А. А.
Lingua:russo
Pubblicazione: Москва, Молодая гвардия, 1962
Soggetti:
Natura: MixedMaterials Libro
KOHA link:https://koha.lib.tpu.ru/cgi-bin/koha/opac-detail.pl?biblionumber=176456

MARC

LEADER 00000nam0a2200000 4500
001 176456
005 20231101223257.0
035 |a (RuTPU)RU\TPU\book\191297 
090 |a 176456 
100 |a 20100301d1962 m y0rusy50 ca 
101 0 |a rus 
102 |a RU 
105 |a a z 000zy 
200 1 |a В небе фронтовом  |e сборник воспоминаний советских летчиц-участниц Великой Отечественной войны  |f сост. М. А. Казаринова; А. А. Полянцева 
210 |a Москва  |c Молодая гвардия  |d 1962 
215 |a 296 с.  |c ил. 
606 1 |a Женщины в Великой Отечественной войне 1941-1945  |2 stltpush  |3 (RuTPU)RU\TPU\subj\66622  |9 82673 
606 1 |a Летчики в Великой Отечественной войне 1941-1945  |2 stltpush  |3 (RuTPU)RU\TPU\subj\66673  |9 82724 
610 1 |a Великая Отечественная война 1941-1945 
610 1 |a боевые подвиги 
610 1 |a летчицы 
610 1 |a воспоминания 
686 |a Т3(2)622-28  |2 rubbk 
686 |a Т3(2)622-35:Ц65  |2 rubbk 
702 1 |a Казаринова  |b М. А.  |4 220 
702 1 |a Полянцева  |b А. А.  |4 220 
801 1 |a RU  |b 63413507  |c 20100301 
801 2 |a RU  |b 63413507  |c 20170703  |g RCR 
942 |c BK